Name That Vegetable - Statistics

General Stats
  • This quiz has been taken 745 times
  • The average score is 13 of 16
Answer Stats
Picture Answer % Correct
Carrot
100%
Eggplant
97%
Potato
97%
Onion
94%
Garlic
93%
Cauliflower
92%
{Bell} Pepper
87%
Brussels sprout
86%
Radish
85%
Spinach
82%
Celery
80%
Cabbage
79%
Artichoke
68%
Leek
68%
Yam
63%
{Soy} Beans
23%
No matching quizzes found
Score Distribution
Percent of People with Each Score
Percentile by Number Answered
Your Score History
You have not taken this quiz